|
|
|
|
| LEADER |
00000nam0a2200000 4500 |
| 001 |
361882 |
| 005 |
20231102011431.0 |
| 035 |
|
|
|a (RuTPU)RU\TPU\retro\19228
|
| 090 |
|
|
|a 361882
|
| 100 |
|
|
|a 20210707d1980 km y0rusy50 ca
|
| 101 |
0 |
|
|a rus
|
| 102 |
|
|
|a RU
|
| 105 |
|
|
|a a z 001zy
|
| 200 |
1 |
|
|a Кинетика флотации
|f Ю. Б. Рубинштейн, Ю. А. Филиппов
|
| 210 |
|
|
|a Москва
|c Недра
|d 1980
|
| 215 |
|
|
|a 375 с.
|c ил.
|
| 320 |
|
|
|a Библиогр.: с. 351-363
|
| 320 |
|
|
|a Предметный указатель: с. 371-372
|
| 606 |
1 |
|
|a Флотация
|x Кинетика
|2 stltpush
|3 (RuTPU)RU\TPU\subj\64020
|9 80950
|
| 610 |
1 |
|
|a понятия
|
| 610 |
1 |
|
|a кинетические константы
|
| 610 |
1 |
|
|a составляющие
|
| 610 |
1 |
|
|a экспериментальные исследования
|
| 610 |
1 |
|
|a кинетические модели
|
| 610 |
1 |
|
|a моделирование
|
| 610 |
1 |
|
|a колонные аппараты
|
| 610 |
1 |
|
|a массоперенос
|
| 610 |
1 |
|
|a флотационные схемы
|
| 610 |
1 |
|
|a расчет
|
| 675 |
|
|
|a 622.765
|v 4
|
| 700 |
|
1 |
|a Рубинштейн
|b Ю. Б.
|g Юлий Борисович
|
| 701 |
|
1 |
|a Филиппов
|b Ю. А.
|g Юрий Александрович
|
| 801 |
|
1 |
|a RU
|b 63413507
|c 20210707
|
| 942 |
|
|
|c BK
|